=LDR 00000nam 2200000 4500 =001 INLIS000000000061908 =005 20230111120121 =035 ##$$a 0010-0123000010 =007 ta =008 230111################g##########0#ind## =020 ##$$a 978-979-22-5889-9 =082 ##$$a 813 =084 ##$$a 813 ZAL b =100 #$$a Zalea,Alia =245 1#$$a Blind date /$c Alia Zalea =260 ##$$a Jakarta :$b Gramedia,$c 2010 =300 ##$$a 271 hlm. ; $c 21 cm =600 #4$$a Kesusastraan =990 ##$$a 32243224 =990 ##$$a 1201102591